| 000 | 00387nam a22001457a 4500 | ||
|---|---|---|---|
| 003 | OSt | ||
| 005 | 20160727222340.0 | ||
| 008 | 160620b xxu||||| |||| 00| 0 eng d | ||
| 040 | _cTEST | ||
| 100 |
_980 _aChawda, N |
||
| 245 |
_aNoah's Ark _bA Bible Story With Pop-up Blocks |
||
| 260 |
_aU.S.A _b Tommy Nelson _c1997 |
||
| 300 | _aNoah's Ark: A Bible Story With Pop-up Blocks | ||
| 942 |
_2ddc _cBK |
||
| 999 |
_c64 _d64 |
||